| 000 | 00382 a2200109 4500 | ||
|---|---|---|---|
| 001 | ART_18426 | ||
| 005 | 20260410161702.0 | ||
| 008 | 260409a | ||
| 245 | 1 | 0 | _aEl gobierno de la ciudad implementó un nuevo régimen de información sobre servicios públiocs y privados |
| 100 | 1 | _aFerraro, Ricardo H. | |
| 773 | 0 |
_tRevista Impuestos _g- Nº 4 (abr. 2012) _wREV639 |
|
| 999 |
_c15231 _d15231 |
||